000 00451nam a2200169Ia 4500
008 090711s9999 xx 000 0 und d
082 _b25742
100 _aढवळे वा. रा.
245 _aअश्लिलता
260 _c1964
300 _a56
600 _aढवळे वा. रा.
630 _aअश्लिलता
700 _aढवळे वा. रा.
730 _aअश्लिलता
942 _cBOOK
999 _c315247
_d315247